Námestovo

Zobrazenie: pohľad zľava na Hotel Magura a skupinky ľudí, vpravo v úzadí veža kostola

Bibliographic Details
Format: Photo
Language:Slovak
PhysicalDescription:1 pohľadnica čiernobiela 11 x 15 cm
Published: Bratislava Slovenské vydavateľstvo politickej literatúry 1961
Subjects:

MARC

LEADER 00000nkm a2200000 a 4500
001 vtls011619143
003 SK-MaSNL
005 20260301093640.0
007 kf bo
008 231206s1961 xo g kuslo
015 |a SNBG 
040 |a SNK  |b slo  |c SNK  |e AACR2 
041 0 |a slo 
043 |a e-xo--- 
044 |a xo  |c SK 
080 |a 913(437.6)  |2 2011 
080 |a 728.5  |2 2011 
080 |a (084.121)  |2 2011 
245 0 0 |a Námestovo  |h grafika 
260 |a Bratislava  |b Slovenské vydavateľstvo politickej literatúry  |c 1961 
300 |a 1 pohľadnica  |b čiernobiela  |c 11 x 15 cm 
520 8 |a Zobrazenie: pohľad zľava na Hotel Magura a skupinky ľudí, vpravo v úzadí veža kostola 
610 2 7 |a Hotel Magura (Námestovo, Slovensko)  |2 SNKKA  |9 346417 
650 0 7 |a hotely  |2 SNKPH  |9 18422 
651 7 |a Námestovo (Slovensko)  |2 SNKPH  |9 29879 
655 7 |a miestne pohľadnice  |2 SNKPH  |9 70510 
958 |a GC 
958 |a GBN 
999 |c 677713  |d 679643 
952 |a SNK  |b SNK  |y PREZ  |7 0  |p 17A1220992  |o snkSP 18319  |0 0  |1 0  |4 0  |d 2017-03-21  |f 1  |l 0  |r 2026-02-23 19:47:02  |w 2026-02-23